Neparametrické testy hypotéz

Na minha lista:
Detalhes bibliográficos
Autor principal: Socha, Tomáš, 1983- (Author)
Outros Autores: Urbaníková, Marta, 1964- (Thesis advisor)
Formato: Manuscrito Livro
Idioma:eslovaco
Publicado em: Trnava : STU v Bratislave MTF UIAM, 2010
Assuntos:
Acesso em linha:VAIS
Tags: Adicionar Tag
Sem tags, seja o primeiro a adicionar uma tag!

MARC

LEADER 00000ntm a22000003a 4500
001 stu217759
005 20160719160338.7
008 101130s2010----xo------------------slo-d
040 |a STU  |b slo 
041 0 |a slo 
044 |a xo 
100 1 |a Socha, Tomáš,  |d 1983-  |4 aut  |X 52250  |7 A000052250 
242 0 0 |a Nonparametric methods for hypothesis testing  |y eng 
245 1 |a Neparametrické testy hypotéz 
260 |a Trnava :  |b STU v Bratislave MTF UIAM,  |c 2010 
650 7 |a aplikovaná informatika a automatizácia v priemysle  |2 stusub 
650 7 |a Applied Informatics and Automation in Industry  |2 estusub 
700 1 |a Urbaníková, Marta,  |d 1964-  |4 ths  |u M6000  |U MTF Materiálovotechnologická fakulta  |T MTF Ústav aplikovanej informatiky, automatizácie a matematiky  |X 240  |U M6000  |Y 86  |7 A000000240 
856 4 |a info a plný text  |u http://is.stuba.sk/zp/portal_zp.pl?podrobnosti=53120  |3 VAIS 
996 |c M*BP-4755  |l MMSKP  |s P  |a 0  |w stu217759_0001